[Event "EU-Cup 39th"]
[White "Maisuradze, Nino"]
[Black "Petrusic, Velimir"]
[Site "Vrnjacka Banja"]
[Round "5.1"]
[Result "1-0"]
[Date "2024.10.24"]
[WhiteElo "2181"]
[BlackElo "2072"]
[PlyCount "89"]
[EventDate "2024.10.20"]
[EventType "team-swiss"]
[EventRounds "7"]
[EventCountry "SRB"]
[SourceTitle "CB44_2024"]
[Source "Chessbase"]
[SourceDate "2024.10.30"]
[SourceVersion "1"]
[SourceVersionDate "2024.10.30"]
[SourceQuality "1"]
[WhiteTeam "D Ans Loncin"]
[BlackTeam "Sremska Mitrovica Sirmium"]
[WhiteTeamCountry "BEL"]
[BlackTeamCountry "SRB"]

1. c4 b6 2. e4 e6 3. Nc3 Bb7 4. d4 Bb4 5. f3 f5 6. e5 c5 7. a3 cxd4 8. axb4 dxc3 9. bxc3 Qh4+ 10. g3 Qe7 11. Ba3 Na6 12. c5 Nh6 13. c6 dxc6 14. Bxa6 Bxa6 15. b5 c5 16. bxa6 Qc7 17. f4 Ng4 18. Qf3 0-0 19. Ne2 Rad8 20. h3 Nh6 21. 0-0 Rd2 22. Nd4 cxd4 23. Bxf8 Kxf8 24. Qa8+ Ke7 25. Qb7 Kd7 26. Qxc7+ Kxc7 27. cxd4 Ng8 28. Rac1+ Kd7 29. Rf2 Rxf2 30. Kxf2 Ne7 31. g4 g6 32. Kg3 Nd5 33. gxf5 gxf5 34. Kf3 Nb4 35. Rg1 Nxa6 36. Rg7+ Kc6 37. Rxh7 Nc7 38. h4 a5 39. Rg7 b5 40. h5 b4 41. h6 b3 42. h7 b2 43. Rg1 a4 44. h8Q a3 45. Qf8 1-0

[Event "Belgrade Serbia op"]
[White "Petrusic, Velimir"]
[Black "Mihelic, Vesna"]
[Site "Belgrade"]
[Round "9"]
[Result "0-1"]
[Date "2024.07.21"]
[WhiteElo "2080"]
[BlackElo "2151"]
[PlyCount "70"]
[EventDate "2024.07.12"]
[EventType "swiss"]
[EventRounds "9"]
[EventCountry "SRB"]
[SourceTitle "CBM 221 Extra"]
[Source "ChessBase"]
[SourceDate "2024.09.30"]
[SourceVersion "1"]
[SourceVersionDate "2024.09.30"]
[SourceQuality "1"]

1. d4 d5 2. Bg5 h6 3. Bh4 c5 4. e3 Qb6 5. Nc3 e6 6. Nf3 Nc6 7. Be2 Be7 8. dxc5 Qxc5 9. Bg3 a6 10. 0-0 Nf6 11. Nd4 0-0 12. Nb3 Qa7 13. a4 b6 14. Bf3 Rd8 15. Qe2 e5 16. e4 d4 17. Nd5 Be6 18. Nxe7+ Qxe7 19. Nc1 Rac8 20. Nd3 Bc4 21. Bg4 Nxg4 22. Qxg4 Bxd3 23. cxd3 Nb4 24. Rad1 Rc6 25. f4 Nc2 26. Bf2 Ne3 27. Bxe3 dxe3 28. Qe2 Qb4 29. fxe5 Qxa4 30. Qxe3 Qb5 31. d4 Qxb2 32. Qf3 Rxd4 33. Qxf7+ Kh7 34. Qf5+ Rg6 35. Rxd4 Qxg2# 0-1

[Event "Belgrade Serbia op"]
[White "Petrusic, Velimir"]
[Black "Tsarsitalidis, Christos"]
[Site "Belgrade"]
[Round "6"]
[Result "0-1"]
[Date "2024.07.18"]
[WhiteElo "2080"]
[BlackElo "2210"]
[PlyCount "98"]
[EventDate "2024.07.12"]
[EventType "swiss"]
[EventRounds "9"]
[EventCountry "SRB"]
[SourceTitle "CBM 221 Extra"]
[Source "ChessBase"]
[SourceDate "2024.09.30"]
[SourceVersion "1"]
[SourceVersionDate "2024.09.30"]
[SourceQuality "1"]

1. d4 Nf6 2. Nf3 e6 3. Bf4 d5 4. Nbd2 c5 5. e3 Bd6 6. c3 Qc7 7. Bxd6 Qxd6 8. Ne5 Nfd7 9. f4 Nc6 10. Bd3 g6 11. 0-0 cxd4 12. exd4 0-0 13. Qe2 f6 14. Nxc6 bxc6 15. Rae1 c5 16. Qg4 f5 17. Qg5 cxd4 18. cxd4 Nf6 19. Nf3 Ne4 20. Qh6 Rf7 21. Ne5 Rg7 22. Re2 Ba6 23. Qh3 Rc8 24. Qe3 Rgc7 25. h4 Bxd3 26. Qxd3 Qe7 27. g3 Qb4 28. Kh2 Qa4 29. a3 Rb7 30. Rf3 Rc1 31. Rg2 Rbc7 32. Rf1 R1c2 33. Rfg1 Nf2 34. Qf3 Qxd4 35. Qb3 Rxb2 36. Nf3 Ng4+ 37. Kh3 Nf2+ 38. Kh2 Qc3 39. Qxc3 Rxc3 40. Nd4 Ng4+ 41. Kh1 Nf2+ 42. Kh2 Rxa3 43. Nxe6 Raa2 44. h5 a5 45. Ng5 a4 46. Re1 Ng4+ 47. Kh1 Rxg2 48. Nxh7 Rh2+ 49. Kg1 Kxh7 0-1

[Event "Paracin op-A 17th"]
[White "Hu, Zhening"]
[Black "Petrusic, Velimir"]
[Site "Paracin"]
[Round "5"]
[Result "0-1"]
[Date "2024.07.06"]
[WhiteElo "2014"]
[BlackElo "2080"]
[PlyCount "92"]
[EventDate "2024.07.03"]
[EventType "swiss"]
[EventRounds "9"]
[EventCountry "SRB"]
[SourceTitle "CBM 221 Extra"]
[Source "ChessBase"]
[SourceDate "2024.09.30"]
[SourceVersion "1"]
[SourceVersionDate "2024.09.30"]
[SourceQuality "1"]

1. Nf3 d5 2. b3 Bg4 3. e3 Nd7 4. Bb2 e5 5. h3 Bxf3 6. Qxf3 Ngf6 7. c4 e4 8. Qd1 dxc4 9. Bxc4 Bd6 10. d4 Nb6 11. Be2 Nbd5 12. 0-0 Qe7 13. Nd2 h5 14. Nc4 0-0-0 15. b4 Qe6 16. Qb3 g5 17. Ne5 g4 18. h4 Nd7 19. Nxd7 Rxd7 20. Bc4 Be7 21. g3 Rhd8 22. b5 Bf6 23. Rfc1 Bxh4 24. Bxd5 Rxd5 25. Qc2 R8d7 26. gxh4 Rxb5 27. Ba3 Rf5 28. Kg2 Rf3 29. Rh1 g3 30. fxg3 Qg4 31. Rh2 Rxe3 32. Kh1 Rxa3 33. Qc5 Qf3+ 34. Rg2 Rd6 35. Rc1 Rc6 36. Qf8+ Kd7 37. Rcg1 Rxa2 38. Qb4 Rc1 39. Qb5+ c6 40. Qxb7+ Kd8 41. Qb8+ Kd7 42. Qb7+ Ke6 43. Qc8+ Kf6 44. Qh8+ Ke7 45. Qe5+ Kd7 46. Kh2 Rxg1 0-1

[Event "Paracin op-A 17th"]
[White "Dvalishvili, Pavel S"]
[Black "Petrusic, Velimir"]
[Site "Paracin"]
[Round "1"]
[Result "1-0"]
[Date "2024.07.03"]
[WhiteElo "2366"]
[BlackElo "2080"]
[PlyCount "89"]
[EventDate "2024.07.03"]
[EventType "swiss"]
[EventRounds "9"]
[EventCountry "SRB"]
[SourceTitle "CBM 221 Extra"]
[Source "ChessBase"]
[SourceDate "2024.09.30"]
[SourceVersion "1"]
[SourceVersionDate "2024.09.30"]
[SourceQuality "1"]

1. e4 e6 2. Qe2 Be7 3. Nf3 d5 4. e5 c5 5. g3 Nc6 6. Bg2 f6 7. d3 fxe5 8. Nxe5 Nxe5 9. Qxe5 Bf6 10. Qh5+ g6 11. Qe2 Ne7 12. 0-0 0-0 13. c4 b5 14. Nc3 b4 15. Nd1 Nf5 16. Ne3 Nd4 17. Qd1 Bb7 18. Bd2 Qd7 19. cxd5 exd5 20. Rc1 Rac8 21. Ng4 Bg7 22. Re1 h5 23. Ne3 a5 24. a3 Qf7 25. f4 Rfe8 26. axb4 axb4 27. Ra1 Nf5 28. Nxf5 Qxf5 29. Qb3 Bd4+ 30. Kh1 h4 31. g4 Qd7 32. h3 Rxe1+ 33. Rxe1 Kh8 34. Be3 Qg7 35. Bxd4 Qxd4 36. Re7 Ra8 37. Re1 Qxf4 38. Qc2 Qd4 39. Qe2 Ba6 40. Qe7 Qf2 41. Rf1 Qxb2 42. Qxh4+ Kg7 43. Qe7+ Kh6 44. Rf7 Qc1+ 45. Kh2 1-0

[Event "Gligoric Cup 10th"]
[White "Savicevic, Vlatko"]
[Black "Petrusic, Velimir"]
[Site "Paracin"]
[Round "3.1"]
[Result "1/2-1/2"]
[Date "2024.05.23"]
[WhiteElo "2266"]
[BlackElo "2086"]
[PlyCount "25"]
[EventDate "2024.05.21"]
[EventType "team-swiss"]
[EventRounds "5"]
[EventCountry "SRB"]
[SourceTitle "CBM 220 Extra"]
[Source "ChessBase"]
[SourceDate "2024.07.31"]
[SourceVersion "1"]
[SourceVersionDate "2024.07.31"]
[SourceQuality "1"]
[WhiteTeam "Kremska Mitrovica Trepca"]
[BlackTeam "Sremska Mitrovica Sirmium"]
[WhiteTeamCountry "SRB"]
[BlackTeamCountry "SRB"]

1. e4 e6 2. d4 d5 3. exd5 exd5 4. Nf3 Nf6 5. c4 Nc6 6. Nc3 Bb4 7. Bg5 Bg4 8. Qe2+ Qe7 9. Bxf6 gxf6 10. 0-0-0 Bxc3 11. bxc3 0-0-0 12. Qxe7 Nxe7 13. Re1 1/2-1/2

[Event "Belgrade Trophy 36th"]
[White "Petrusic, Velimir"]
[Black "Popchev, Milko"]
[Site "Belgrade"]
[Round "3"]
[Result "1/2-1/2"]
[Date "2023.11.27"]
[WhiteElo "2060"]
[BlackElo "2244"]
[PlyCount "22"]
[EventDate "2023.11.25"]
[EventType "swiss"]
[EventRounds "9"]
[EventCountry "SRB"]
[SourceTitle "CBM 217 Extra"]
[Source "ChessBase"]
[SourceDate "2024.01.31"]
[SourceVersion "1"]
[SourceVersionDate "2024.01.31"]
[SourceQuality "1"]

1. d4 Nf6 2. Nf3 e6 3. e3 b6 4. Nbd2 Bb7 5. Bd3 c5 6. 0-0 Be7 7. c3 Nc6 8. a3 d5 9. dxc5 bxc5 10. e4 Qc7 11. Qe2 Rd8 1/2-1/2

[Event "Belgrade Serbia op"]
[White "Karamsetty, Jeevan"]
[Black "Petrusic, Velimir"]
[Site "Belgrade"]
[Round "9"]
[Result "1-0"]
[Date "2023.07.24"]
[WhiteElo "2185"]
[BlackElo "2020"]
[PlyCount "69"]
[EventDate "2023.07.16"]
[EventType "swiss"]
[EventRounds "9"]
[EventCountry "SRB"]
[SourceTitle "EXT 2024"]
[Source "ChessBase"]
[SourceDate "2023.10.10"]
[SourceVersion "1"]
[SourceVersionDate "2023.10.10"]
[SourceQuality "1"]

1. e4 e6 2. d3 d5 3. Nd2 Nf6 4. Ngf3 a5 5. c3 a4 6. Be2 c5 7. 0-0 Nc6 8. e5 Nd7 9. d4 Be7 10. Bb5 cxd4 11. Nxd4 Nxd4 12. cxd4 Qb6 13. Bxa4 Qxd4 14. Bb5 Qxe5 15. Nf3 Qh5 16. Bf4 0-0 17. Re1 Nc5 18. h3 f6 19. Bc7 Qf7 20. a3 e5 21. Rc1 Be6 22. Bb6 Rac8 23. Nd2 d4 24. f4 Bd6 25. Nc4 Bb8 26. Nxe5 fxe5 27. Bxc5 Qxf4 28. Bxf8 Rxf8 29. Rf1 Qe3+ 30. Kh1 e4 31. Qh5 g6 32. Rxf8+ Kxf8 33. Rf1+ Bf5 34. Qh4 Qg3 35. Qf6+ 1-0

[Event "Belgrade Serbia op"]
[White "Carnic, Srdjan"]
[Black "Petrusic, Velimir"]
[Site "Belgrade"]
[Round "4"]
[Result "1/2-1/2"]
[Date "2023.07.19"]
[WhiteElo "2277"]
[BlackElo "2020"]
[PlyCount "63"]
[EventDate "2023.07.16"]
[EventType "swiss"]
[EventRounds "9"]
[EventCountry "SRB"]
[SourceTitle "CBM 215 Extra"]
[Source "ChessBase"]
[SourceDate "2023.09.30"]
[SourceVersion "1"]
[SourceVersionDate "2023.09.30"]
[SourceQuality "1"]

1. d4 d5 2. c4 Nc6 3. cxd5 Qxd5 4. e3 e5 5. Nc3 Bb4 6. Bd2 Bxc3 7. Bxc3 exd4 8. Ne2 Nf6 9. Nxd4 0-0 10. Nb5 Qg5 11. Qf3 Bg4 12. Bxf6 gxf6 13. h4 Qg6 14. Qg3 Nb4 15. Na3 Rfe8 16. Be2 Bxe2 17. Qxg6+ fxg6 18. Kxe2 Rad8 19. Rhc1 c6 20. Rc4 a5 21. Nc2 Nxc2 22. Rxc2 Rd5 23. Rd1 Rxd1 24. Kxd1 Rd8+ 25. Ke2 Rd6 26. Rc5 b6 27. Rc4 Kf7 28. g4 Ke6 29. Re4+ Kd7 30. Rc4 Ke6 31. Re4+ Kd7 32. Rc4 1/2-1/2

[Event "Novi Sad Vojvodina op 12th"]
[White "Petrusic, Velimir"]
[Black "Pevzner, Maks"]
[Site "Novi Sad"]
[Round "9"]
[Result "0-1"]
[Date "2022.07.31"]
[WhiteElo "2055"]
[BlackElo "1888"]
[PlyCount "80"]
[EventDate "2022.07.24"]
[EventType "swiss"]
[EventRounds "9"]
[EventCountry "SRB"]
[SourceTitle "CBM 209 Extra"]
[Source "ChessBase"]
[SourceDate "2022.09.30"]
[SourceVersion "1"]
[SourceVersionDate "2022.09.30"]
[SourceQuality "1"]

1. d4 Nf6 2. Nf3 g6 3. Bg5 Bg7 4. Nbd2 d5 5. e3 0-0 6. Bd3 c5 7. c3 Qd6 8. 0-0 Re8 9. Re1 Nc6 10. Bf4 Qd8 11. h3 Nd7 12. Bg5 h6 13. Bh4 g5 14. Bg3 e5 15. e4 dxe4 16. Nxe4 exd4 17. cxd4 cxd4 18. Bb5 Nde5 19. Nxe5 Bxe5 20. Qh5 Kg7 21. h4 Bxg3 22. hxg5 hxg5 23. Nxg5 Bxf2+ 24. Kf1 Rxe1+ 25. Rxe1 Qf6 26. Re8 Be3+ 27. Nf3 Qh6 28. Qc5 Qh1+ 29. Ke2 Qxg2+ 30. Kd3 Bf5+ 31. Qxf5 Rxe8 32. Bxc6 bxc6 33. Ne5 Qd2+ 34. Kc4 Qe2+ 35. Nd3 Qc2+ 36. Kb4 Rb8+ 37. Ka3 Rb5 38. Qg4+ Rg5 39. Nb4 Qc4 40. b3 Bc1+ 0-1

[Event "Novi Sad Vojvodina op 12th"]
[White "Rogac, Srdjan"]
[Black "Petrusic, Velimir"]
[Site "Novi Sad"]
[Round "1"]
[Result "1-0"]
[Date "2022.07.24"]
[WhiteElo "2310"]
[BlackElo "2055"]
[PlyCount "61"]
[EventDate "2022.07.24"]
[EventType "swiss"]
[EventRounds "9"]
[EventCountry "SRB"]
[SourceTitle "CBM 209 Extra"]
[Source "ChessBase"]
[SourceDate "2022.09.30"]
[SourceVersion "1"]
[SourceVersionDate "2022.09.30"]
[SourceQuality "1"]

1. Nf3 f5 2. e4 fxe4 3. Ng5 e5 4. d3 e3 5. Bxe3 Nc6 6. Be2 Nf6 7. 0-0 d5 8. c4 Be7 9. Bf3 0-0 10. cxd5 Nxd5 11. Bxd5+ Qxd5 12. Nc3 Qd6 13. Qb3+ Kh8 14. Nf7+ Rxf7 15. Qxf7 Be6 16. Qf3 Qxd3 17. Qe4 Qd7 18. Rad1 Bd6 19. a3 Bf5 20. Qd5 Be6 21. Qb5 Qe8 22. Ne4 Rd8 23. Ng5 Bg8 24. Ne4 Be6 25. b4 Qg6 26. Nxd6 cxd6 27. Qxb7 Qe4 28. b5 Bh3 29. Qxc6 d5 30. gxh3 Qf3 31. Qe6 1-0

[Event "Belgrade Serbia op"]
[White "Durak, Can"]
[Black "Petrusic, Velimir"]
[Site "Belgrade"]
[Round "9"]
[Result "1-0"]
[Date "2021.07.08"]
[WhiteElo "2275"]
[BlackElo "2111"]
[PlyCount "123"]
[EventDate "2021.07.02"]
[EventType "swiss"]
[EventRounds "9"]
[EventCountry "SRB"]
[SourceTitle "EXT 2022"]
[Source "ChessBase"]
[SourceDate "2021.10.06"]
[SourceVersion "1"]
[SourceVersionDate "2021.10.06"]
[SourceQuality "1"]

1. d4 d5 2. c4 e6 3. Nc3 c6 4. Nf3 f5 5. g3 Bd6 6. Bg2 Nf6 7. Bf4 Bxf4 8. gxf4 0-0 9. e3 Nbd7 10. Qc2 Ne4 11. 0-0-0 b5 12. c5 Qa5 13. Kb1 b4 14. Nxe4 fxe4 15. Nd2 Ba6 16. Bf1 Bxf1 17. Rdxf1 Nf6 18. Rfg1 Qb5 19. f3 exf3 20. Nxf3 Ne4 21. Ng5 b3 22. axb3 Nxg5 23. Rxg5 Rab8 24. Rhg1 Rb7 25. h4 Rff7 26. Rh5 Qxb3 27. Re5 Rf6 28. Qxb3 Rxb3 29. Kc2 Rb5 30. Ra1 a5 31. Rg5 h6 32. Rg4 Kh7 33. h5 g5 34. Kc3 gxf4 35. Rxf4 Rxf4 36. exf4 Kg7 37. Rg1+ Kf7 38. Rg6 a4 39. Rxh6 Rb3+ 40. Kc2 Rb4 41. Rh7+ Kf6 42. h6 Rxd4 43. Rh8 Rc4+ 44. Kd3 a3 45. bxa3 Ra4 46. Rf8+ Kg6 47. Re8 Re4 48. f5+ exf5 49. Rxe4 dxe4+ 50. Ke3 Kxh6 51. Kf4 Kh5 52. a4 Kh4 53. a5 e3 54. Kf3 f4 55. a6 Kh3 56. a7 e2 57. Kxe2 Kg2 58. a8Q f3+ 59. Ke3 f2 60. Qxc6+ Kg1 61. Qh1+ Kxh1 62. Kxf2 1-0

[Event "Belgrade Serbia op"]
[White "Petrusic, Velimir"]
[Black "Gajcin, Marina"]
[Site "Belgrade"]
[Round "5"]
[Result "1/2-1/2"]
[Date "2021.07.05"]
[WhiteElo "2111"]
[BlackElo "2243"]
[PlyCount "103"]
[EventDate "2021.07.02"]
[EventType "swiss"]
[EventRounds "9"]
[EventCountry "SRB"]
[SourceTitle "CBM 203 Extra"]
[Source "ChessBase"]
[SourceDate "2021.09.30"]
[SourceVersion "1"]
[SourceVersionDate "2021.09.30"]
[SourceQuality "1"]

1. d4 Nf6 2. Nf3 c5 3. d5 e6 4. Nc3 d6 5. e4 a6 6. dxe6 Bxe6 7. Ng5 Nc6 8. Nxe6 fxe6 9. g3 Qd7 10. Bh3 Qf7 11. 0-0 Be7 12. f4 Rd8 13. Qe2 Nd4 14. Qg2 0-0 15. e5 Nd5 16. exd6 Rxd6 17. Ne4 Rb6 18. c3 Nf5 19. Qe2 Qe8 20. b3 Nc7 21. Ba3 Nb5 22. Bb2 Qc8 23. Rad1 c4 24. bxc4 Na3 25. Bxa3 Bxa3 26. Rfe1 Rb2 27. Rd2 Rxd2 28. Nxd2 Bc5+ 29. Kh1 Ne3 30. Nb3 Qc6+ 31. Bg2 Nxg2 32. Qxg2 Rc8 33. Qxc6 Rxc6 34. Nxc5 Rxc5 35. Rxe6 Rxc4 36. Re3 b5 37. Kg2 Ra4 38. Re2 Rc4 39. Re3 Kf7 40. Kf3 Ra4 41. Re2 Ra3 42. Rc2 b4 43. Ke4 bxc3 44. Kd4 a5 45. Ke5 Ra4 46. Rxc3 Rxa2 47. f5 Re2+ 48. Kf4 Rxh2 49. Rc7+ Kf6 50. Rc6+ Ke7 51. Rc7+ Kf6 52. Rc6+ 1/2-1/2

[Event "Novi Sad TS Mix 200th"]
[White "Omorjan, Dejan"]
[Black "Petrusic, Velimir"]
[Site "Novi Sad"]
[Round "10"]
[Result "1-0"]
[Date "2021.04.13"]
[WhiteElo "2329"]
[BlackElo "2110"]
[PlyCount "67"]
[EventDate "2021.04.07"]
[EventType "swiss"]
[EventRounds "10"]
[EventCountry "SRB"]
[SourceTitle "CBM 202 Extra"]
[Source "ChessBase"]
[SourceDate "2021.07.31"]
[SourceVersion "1"]
[SourceVersionDate "2021.07.31"]
[SourceQuality "1"]

1. d4 Nf6 2. Nf3 d6 3. c4 Nbd7 4. Nc3 e5 5. e4 Be7 6. Be2 0-0 7. 0-0 c6 8. Be3 Ng4 9. Bd2 a5 10. Qc2 Re8 11. Rad1 Qc7 12. d5 Nc5 13. Ne1 Rf8 14. f3 Nf6 15. Be3 Nfd7 16. Kh1 Nb6 17. Qd2 cxd5 18. cxd5 Bd7 19. Nb5 Bxb5 20. Bxb5 Nbd7 21. Rc1 Qb8 22. Nc2 f5 23. exf5 Rxf5 24. Na3 Qd8 25. Bxd7 Nxd7 26. Nb5 Rc8 27. Na7 Rxc1 28. Rxc1 Qf8 29. Rc8 Bd8 30. Nc6 bxc6 31. dxc6 Nf6 32. c7 Bxc7 33. Rxf8+ Kxf8 34. Qc2 1-0

[Event "Novi Sad TS Mix 200th"]
[White "Davtyan, Artur"]
[Black "Petrusic, Velimir"]
[Site "Novi Sad"]
[Round "2"]
[Result "1-0"]
[Date "2021.04.08"]
[WhiteElo "2457"]
[BlackElo "2110"]
[PlyCount "103"]
[EventDate "2021.04.07"]
[EventType "swiss"]
[EventRounds "10"]
[EventCountry "SRB"]
[SourceTitle "CBM 202 Extra"]
[Source "ChessBase"]
[SourceDate "2021.07.31"]
[SourceVersion "1"]
[SourceVersionDate "2021.07.31"]
[SourceQuality "1"]

1. d4 Nf6 2. c4 d6 3. Nf3 Nbd7 4. Nc3 e5 5. e4 Be7 6. Be2 0-0 7. 0-0 c6 8. Qc2 Re8 9. Rd1 Qc7 10. h3 Nf8 11. Be3 Ng6 12. Rd2 Bd7 13. Rad1 Rad8 14. a3 h6 15. b4 b6 16. c5 bxc5 17. bxc5 exd4 18. cxd6 Bxd6 19. Nxd4 Bh2+ 20. Kh1 Bf4 21. Bxf4 Qxf4 22. Bf1 Qh4 23. Nxc6 Rc8 24. Nxa7 Rxc3 25. Qxc3 Nxe4 26. Qd4 Nxd2 27. Qxd2 Ba4 28. Rc1 Rd8 29. Qxd8+ Qxd8 30. Rc8 Qf8 31. Rxf8+ Nxf8 32. Bb5 Bxb5 33. Nxb5 Nd7 34. a4 Kf8 35. a5 Ke7 36. g3 Nc5 37. Kg2 Kd7 38. Kf3 Kc6 39. Nd4+ Kb7 40. Nf5 Ne6 41. Nd6+ Ka6 42. Nxf7 Kxa5 43. Kg4 Kb5 44. Kf5 Nf8 45. Nd8 Kc4 46. Ne6 Nd7 47. Nxg7 Kd3 48. f4 Ke3 49. g4 Nc5 50. h4 Ne4 51. g5 hxg5 52. fxg5 1-0

[Event "Novi Sad TS Mix 143th"]
[White "Drazic, Sinisa"]
[Black "Petrusic, Velimir"]
[Site "Novi Sad"]
[Round "7"]
[Result "1/2-1/2"]
[Date "2020.11.05"]
[WhiteElo "2345"]
[BlackElo "2128"]
[PlyCount "25"]
[EventDate "2020.11.01"]
[EventType "swiss"]
[EventRounds "9"]
[EventCountry "SRB"]
[SourceTitle "CBM 199 Extra"]
[Source "ChessBase"]
[SourceDate "2021.01.31"]
[SourceVersion "1"]
[SourceVersionDate "2021.01.31"]
[SourceQuality "1"]

1. b3 e5 2. Bb2 Nc6 3. c4 g6 4. g3 Bg7 5. Bg2 Nge7 6. d3 d5 7. e3 0-0 8. Ne2 Bg4 9. h3 Be6 10. a3 a5 11. Nd2 Qd7 12. Qc2 Rfd8 13. Rd1 1/2-1/2

[Event "Novi Sad TS Mix 143th"]
[White "Jocev, Milan"]
[Black "Petrusic, Velimir"]
[Site "Novi Sad"]
[Round "8"]
[Result "1-0"]
[Date "2020.11.05"]
[WhiteElo "2236"]
[BlackElo "2128"]
[PlyCount "63"]
[EventDate "2020.11.01"]
[EventType "swiss"]
[EventRounds "9"]
[EventCountry "SRB"]
[SourceTitle "CBM 199 Extra"]
[Source "ChessBase"]
[SourceDate "2021.01.31"]
[SourceVersion "1"]
[SourceVersionDate "2021.01.31"]
[SourceQuality "1"]

1. d4 e6 2. c4 f5 3. g3 Nf6 4. Bg2 d5 5. Nh3 c6 6. Qc2 Bd6 7. Bf4 0-0 8. 0-0 Qe7 9. Nd2 Nbd7 10. cxd5 Nxd5 11. Bxd6 Qxd6 12. e4 fxe4 13. Nxe4 Qb4 14. Nhg5 N7f6 15. Nc5 Qxd4 16. Ngxe6 Bxe6 17. Nxe6 Qb6 18. Nxf8 Rxf8 19. Qf5 Re8 20. Rae1 Rxe1 21. Rxe1 Qxb2 22. Bxd5+ cxd5 23. Rb1 Qxa2 24. Qe6+ Kh8 25. Rxb7 Qa1+ 26. Kg2 h5 27. Qf7 Ng4 28. Qxh5+ Nh6 29. Qxd5 Qa4 30. Qd8+ Kh7 31. Qd3+ Kg8 32. Qg6 1-0

[Event "Novi Sad TS Mix 143th"]
[White "Hart, Alexander E"]
[Black "Petrusic, Velimir"]
[Site "Novi Sad"]
[Round "5"]
[Result "1/2-1/2"]
[Date "2020.11.04"]
[WhiteElo "1979"]
[BlackElo "2128"]
[PlyCount "94"]
[EventDate "2020.11.01"]
[EventType "swiss"]
[EventRounds "9"]
[EventCountry "SRB"]
[SourceTitle "CBM 199 Extra"]
[Source "ChessBase"]
[SourceDate "2021.01.31"]
[SourceVersion "1"]
[SourceVersionDate "2021.01.31"]
[SourceQuality "1"]

1. d4 Nf6 2. c4 d6 3. Nc3 Nbd7 4. e4 e5 5. Be3 Be7 6. f3 c6 7. Qd2 0-0 8. Nge2 a6 9. a4 a5 10. Rd1 Re8 11. Qc2 Qc7 12. Rc1 Nb8 13. d5 Na6 14. g4 Nd7 15. h4 Ndc5 16. Ng3 Nb4 17. Qd1 Qd8 18. g5 g6 19. Be2 Bd7 20. Kf2 f6 21. gxf6 Bxf6 22. h5 Bg5 23. Bxg5 Qxg5 24. dxc6 Bxc6 25. hxg6 Qxc1 26. Qxd6 Ncd3+ 27. Bxd3 Nxd3+ 28. Qxd3 Qxb2+ 29. Nce2 Rad8 30. Qe3 Qd2 31. gxh7+ Kh8 32. Qc5 Qb4 33. Qe3 Qxc4 34. Rh6 Rf8 35. Qg5 Qc5+ 36. Kg2 Rd6 37. Nf5 Rd7 38. Rg6 Qc4 39. Neg3 Rxh7 40. Rh6 Qa2+ 41. Kh3 Qg8 42. Rxh7+ Qxh7+ 43. Kg2 Bxa4 44. Ne7 Qg7 45. Qh5+ Qh7 46. Qxe5+ Qg7 47. Qh5+ Qh7 1/2-1/2

[Event "Novi Sad TS Mix 143th"]
[White "Petrusic, Velimir"]
[Black "Durak, Can"]
[Site "Novi Sad"]
[Round "3"]
[Result "0-1"]
[Date "2020.11.03"]
[WhiteElo "2128"]
[BlackElo "1985"]
[PlyCount "74"]
[EventDate "2020.11.01"]
[EventType "swiss"]
[EventRounds "9"]
[EventCountry "SRB"]
[SourceTitle "CBM 199 Extra"]
[Source "ChessBase"]
[SourceDate "2021.01.31"]
[SourceVersion "1"]
[SourceVersionDate "2021.01.31"]
[SourceQuality "1"]

1. d4 d5 2. Bg5 h6 3. Bh4 c6 4. Nf3 Qb6 5. Nbd2 Bf5 6. e3 Qxb2 7. Bd3 Bxd3 8. cxd3 Qa3 9. 0-0 Nd7 10. Rb1 Qa6 11. Qb3 Nb6 12. a4 e6 13. a5 Qxa5 14. Ra1 Qb5 15. Rfb1 Qxb3 16. Rxb3 Nc8 17. Rxb7 Bd6 18. Ra6 Nf6 19. Ne5 Bxe5 20. dxe5 Nd7 21. d4 g5 22. Bg3 c5 23. Nb3 c4 24. Na5 Nb8 25. Rd6 Nxd6 26. exd6 Nd7 27. Kf1 f6 28. f3 Rh7 29. Be1 Rc8 30. Rxa7 c3 31. Rc7 Rxc7 32. dxc7 Nb6 33. c8R+ Nxc8 34. Bxc3 Rc7 35. Bd2 Nd6 36. Nb3 Nc4 37. Bc1 Rb7 0-1

[Event "SRB-ch sf"]
[White "Rabrenovic, Vladan"]
[Black "Petrusic, Velimir"]
[Site "Novi Banovci"]
[Round "4"]
[Result "1-0"]
[Date "2020.02.26"]
[WhiteElo "2315"]
[BlackElo "2096"]
[PlyCount "63"]
[EventDate "2020.02.24"]
[EventType "swiss"]
[EventRounds "9"]
[EventCountry "SRB"]
[SourceTitle "CBM 195 Extra"]
[Source "ChessBase"]
[SourceDate "2020.05.31"]
[SourceVersion "1"]
[SourceVersionDate "2020.05.31"]
[SourceQuality "1"]

1. d4 e6 2. Nf3 f5 3. g3 Nf6 4. Bg2 d5 5. c4 c6 6. 0-0 Bd6 7. b3 Qe7 8. Ne5 0-0 9. Nd2 Ne4 10. Ndf3 Nd7 11. Bf4 a5 12. Qc2 Nxe5 13. Nxe5 Bd7 14. Nd3 Bxf4 15. Nxf4 b5 16. Nd3 Nd6 17. cxd5 cxd5 18. Nc5 b4 19. Qd2 Bb5 20. a3 bxa3 21. Rxa3 a4 22. Rfa1 Bc6 23. Nxa4 Bxa4 24. Rxa4 Rxa4 25. Rxa4 Rb8 26. Qe3 Kf7 27. Ra6 Nb5 28. h3 Qf6 29. Qf4 Rc8 30. e3 Kg8 31. Bxd5 Nc7 32. Rc6 1-0